|
|
|
|
| LEADER |
00000nam0a2200000 4500 |
| 001 |
103928 |
| 005 |
20231031113814.0 |
| 010 |
|
|
|a 502032535X
|
| 035 |
|
|
|a (RuTPU)RU\TPU\book\112034
|
| 090 |
|
|
|a 103928
|
| 100 |
|
|
|a 20061024d2006 k y0rusy50 ca
|
| 101 |
0 |
|
|a rus
|
| 102 |
|
|
|a RU
|
| 105 |
|
|
|a a z 001zy
|
| 200 |
1 |
|
|a Проблемы стратиграфии и региональной геологии Сибири
|e сборник научных трудов
|f Сибирский научно-исследовательский институт геологии, геофизики и минерального сырья; под ред. И. В. Будникова
|
| 210 |
|
|
|a Новосибирск
|c Наука
|d 2006
|
| 215 |
|
|
|a 167 с.
|c ил.
|
| 320 |
|
|
|a Библиогр. в конце ст.
|
| 330 |
|
|
|a В сборнике отражены важнейшие проблемы региональной стратиграфии позднедокембрийских и палеозойских отложений Сибирской платформы и Алтае-Саянской складчатой области в связи с разработкой стратиграфической основы нового поколения. Освещены некоторые общие вопросы геодинамики и палеобиогеографии среднего палеозоя Сибири, а также проблемы подготовки сокращенного варианта Стратиграфического кодекса России. Приведены решения Рабочего стратиграфического совещания по верхнему докембрию и кембрию Средней Сибири. Сборник предназначен для широкого круга специалистов, занимающихся региональной геологией Сибири, а также стратиграфов и палеонтологов.
|
| 610 |
1 |
|
|a стратиграфия
|
| 610 |
1 |
|
|a региональная геология
|
| 610 |
1 |
|
|a Сибирь
|
| 610 |
1 |
|
|a Сибирская платформа
|
| 610 |
1 |
|
|a стратиграфические исследования
|
| 610 |
1 |
|
|a протерозой
|
| 610 |
1 |
|
|a докембрий
|
| 610 |
1 |
|
|a кембрий
|
| 610 |
1 |
|
|a тектоническое развитие
|
| 610 |
1 |
|
|a ордовик
|
| 610 |
1 |
|
|a силурийские отложения
|
| 610 |
1 |
|
|a палеозой
|
| 610 |
1 |
|
|a девоны
|
| 610 |
1 |
|
|a девонские отложения
|
| 610 |
1 |
|
|a стратиграфический кодекс
|
| 610 |
1 |
|
|a Россия
|
| 675 |
|
|
|a 551.7(571.1/5)
|v 3
|
| 675 |
|
|
|a 55(1/9)
|v 3
|
| 702 |
|
1 |
|a Будников
|b И. В.
|4 340
|
| 712 |
0 |
2 |
|a Сибирский научно-исследовательский институт геологии, геофизики и минерального сырья
|2 stltpush
|3 (RuTPU)RU\TPU\col\322
|
| 801 |
|
1 |
|a RU
|b 63413507
|c 20061024
|g PSBO
|
| 801 |
|
2 |
|a RU
|b 63413507
|c 20091019
|g PSBO
|
| 900 |
|
|
|a Региональная инженерная геология
|
| 900 |
|
|
|a Современные проблемы геологии
|
| 942 |
|
|
|c BK
|